| 000 | 00716nac a22002171u 4500 | ||
|---|---|---|---|
| 010 | _a 99040198 | ||
| 020 | _a073560505X | ||
| 035 | _a(DLC) 99040198 | ||
| 082 | 0 | 0 |
_a005.72 _bPET |
| 090 |
_c5493 _d5493 |
||
| 100 | _aPetzold, Charles, | ||
| 245 | 1 | 0 |
_aCode : _bthe hidden language of computer hardware and software / _cCharles Petzold. |
| 260 |
_aRedmond, WA : _bMicrosoft Press,1999 _cc1999. |
||
| 300 |
_aiii, 393 p. : _bill. ; _c24 cm. |
||
| 500 | _adistributer: Al-Ahram | ||
| 504 | _aIncludes bibliographical references and index. | ||
| 511 | _acatalogued by: wessam | ||
| 650 | 0 | _aComputer programming. | |
| 650 | 0 | _aCoding theory. | |
| 942 |
_cBB _k005.72PET |
||
| 999 |
_c5493 _d5493 |
||